[Event "Avoine op 24th"]
[Site "Avoine"]
[Date "2009.07.20"]
[Round "3"]
[White "Baudry, Lyam"]
[Black "Shirazi, Kamran"]
[Result "0-1"]
[WhiteElo "1986"]
[BlackElo "2384"]
[PlyCount "68"]
[EventDate "2009.07.18"]
[EventType "swiss"]
[EventRounds "9"]
[EventCountry "FRA"]
[SourceTitle "CBM 131 Extra"]
[Source "ChessBase"]
[SourceDate "2009.09.03"]
[SourceVersion "2"]
[SourceVersionDate "2009.09.16"]
[SourceQuality "1"]

1. d4 d5 2. c4 dxc4 3. Nf3 c5 4. e3 e6 5. Bxc4 a6 6. 0-0 b5 7. Bd3 Bb7 8. Nc3 Nf6 9. a3 Nbd7 10. Qe2 Be7 11. Ne5 Qb6 12. Rd1 Rc8 13. Nxd7 Nxd7 14. Be4 cxd4 15. exd4 Nf6 16. Bxb7 Qxb7 17. Bg5 0-0 18. Rd3 Rfd8 19. Rad1 Nd5 20. Bxe7 Qxe7 21. Qf3 Nxc3 22. Rxc3 Rxc3 23. Qxc3 g6 24. g3 Qa7 25. b4 Rd5 26. Qc6 a5 27. Rc1 axb4 28. axb4 Qxd4 29. Qe8+ Kg7 30. Rc8 Qxb4 31. h4 Rf5 32. Qh8+ Kh6 33. Qa1 Qd2 34. Qa7 b4 0-1

[Event "Metz op 23rd"]
[Site "Metz"]
[Date "2005.??.??"]
[Round "2"]
[White "Sulava, Nenad"]
[Black "Baudry, Lyam"]
[Result "1-0"]
[WhiteElo "2478"]
[BlackElo "1700"]
[PlyCount "87"]
[EventDate "2005.04.16"]
[EventType "swiss"]
[EventRounds "9"]
[EventCountry "FRA"]
[SourceTitle "EXT 2007"]
[Source "ChessBase"]
[SourceDate "2006.11.23"]
[SourceVersion "1"]
[SourceVersionDate "2006.11.23"]
[SourceQuality "1"]

1. d4 Nf6 2. Bg5 g6 3. Bxf6 exf6 4. g3 Bg7 5. c4 d6 6. Nc3 c6 7. Bg2 0-0 8. e3 Re8 9. Nge2 Nd7 10. 0-0 Nb6 11. b3 Qc7 12. Qd2 Bf5 13. Nf4 Rad8 14. a4 a5 15. d5 Nd7 16. e4 g5 17. exf5 gxf4 18. Qxf4 Nc5 19. Rab1 Nd3 20. Qd4 Nb4 21. Ne4 Qe7 22. Qd2 Qd7 23. g4 h5 24. Kh1 hxg4 25. Qf4 cxd5 26. Ng3 dxc4 27. Qxg4 Kf8 28. bxc4 Qxa4 29. Bxb7 Nd3 30. Qd4 Ne5 31. Bd5 Rc8 32. Rb7 Re7 33. Rxe7 Kxe7 34. f4 Nxc4 35. Re1+ Kf8 36. Qa7 Ne5 37. fxe5 Qe8 38. e6 Qe7 39. Qxe7+ Kxe7 40. exf7+ Kf8 41. Ne4 Rd8 42. Nxd6 Bh6 43. Re8+ Rxe8 44. fxe8Q+ 1-0